|
|
|
|
| LEADER |
01235nam a2200349 a 4500 |
| 001 |
28518 |
| 003 |
BD-DhAAL |
| 005 |
20150211163346.0 |
| 008 |
141029s2011 ii b 100 0 eng |
| 010 |
|
|
|a 2012323238
|
| 020 |
|
|
|a 9780198074045
|
| 020 |
|
|
|a 0198074042
|
| 040 |
|
|
|a DLC
|c DLC
|d DLC
|d BD-DhAAL
|
| 041 |
|
|
|a eng
|
| 042 |
|
|
|a lcode
|a pcc
|
| 043 |
|
|
|a az-----
|
| 050 |
0 |
0 |
|a HN670.3.A8
|b H36 2011
|
| 082 |
|
|
|2 22
|a 303.4/0954
|
| 245 |
0 |
0 |
|a Handbook of modernity in South Asia :
|b modern makeovers /
|c edited by Saurabh Dube.
|
| 250 |
|
|
|a 1st ed.
|
| 260 |
|
|
|a New Delhi :
|b Oxford University Press,
|c 2011.
|
| 300 |
|
|
|a xii, 276 p. ;
|c 25 cm.
|
| 490 |
0 |
|
|a Oxford India handbooks
|
| 504 |
|
|
|a Includes bibliographical references.
|
| 520 |
|
|
|a Contributed articles presented earlier at two conferences.
|
| 541 |
|
|
|e 28218
|
| 650 |
|
0 |
|a Social change
|z South Asia
|v Congresses.
|9 5911
|
| 650 |
|
0 |
|a Civilization, Modern
|z South Asia
|v Congresses.
|9 5912
|
| 700 |
1 |
|
|a Dube, Saurabh.
|9 5913
|
| 942 |
|
|
|2 ddc
|c BK
|
| 999 |
|
|
|c 33001
|d 33001
|
| 952 |
|
|
|0 0
|1 0
|2 ddc
|4 0
|6 303_409540000000000_HAN
|7 0
|9 43958
|a BRACUL
|b BRACUL
|c GEN
|d 2014-10-29
|e Paragon Enterprises Ltd.
|g 1125.00
|l 0
|o 303.40954 HAN
|p 3010028518
|r 2014-10-29
|t 1
|w 2014-10-29
|y BK
|